| 000 | 01033pam a2200289 i 4500 | ||
|---|---|---|---|
| 001 | 016319194 | ||
| 003 | OSt | ||
| 005 | 20201128021024.0 | ||
| 008 | 130502t2014 maua frbd 001 0 eng d | ||
| 020 | _a9780273787051 (pbk.) | ||
| 020 | _a0273787055 (pbk.) | ||
| 040 |
_aStDuBDS _beng _cStDuBDS _dUk _dEG-ScBUE _dEG-ScBUE |
||
| 082 | 0 | 4 |
_a658.049 _bDER _222 |
| 100 | 1 |
_aDeresky, Helen. _92698 |
|
| 245 | 1 | 0 |
_aInternational management : _bmanaging across borders and cultures : text and cases / _cHelen Deresky. |
| 250 | _a8th ed., Global ed. | ||
| 260 |
_aBoston : _bPearson Education Limited, _cc.2014. |
||
| 300 |
_a407 p. : _bill. (col.) ; _c28 cm. |
||
| 500 | _aIndex : p .397-407. | ||
| 500 | _aGlossary : p. 375-380. | ||
| 504 | _aBibliography : p. 381-395. | ||
| 650 | 7 |
_aInternational business enterprises _xManagement. _2BUEsh _94507 |
|
| 650 | 7 |
_aInternational business enterprises _xManagement _vCase studies. _2BUEsh _92700 |
|
| 651 | _2BUEsh | ||
| 653 |
_bBUSADM _cJanuary2014 _cFebruary2015 _cDecember2017 |
||
| 942 | _2ddc | ||
| 999 |
_c17981 _d17953 |
||